La Chica de nieve (Record no. 4901)

MARC details
000 -CABECERA
campo de control de longitud fija 02886nam a2200277 i 4500
001 - NÚMERO DE CONTROL
campo de control Rebiun32761445
008 - DATOS DE LONGITUD FIJA--INFORMACIÓN GENERAL
campo de control de longitud fija 220321e202202 spc ||| ||| 000 f spa|
015 ## - NÚMERO DE BIBLIOGRAFÍA NACIONAL
Número de bibliografía nacional LL2022
Fuente bnc
017 ## - NÚMERO DE COPYRIGHT O DE DEPÓSITO LEGAL
Número de copyright o de depósito legal B 18842-2021
-- B 20380-2022,
Agencia que asigna Biblioteca de Catalunya
020 ## - NÚMERO INTERNACIONAL ESTÁNDAR DEL LIBRO
Número Internacional Estándar del Libro 9788466357098
020 ## - NÚMERO INTERNACIONAL ESTÁNDAR DEL LIBRO
Número Internacional Estándar del Libro 9788466381285
040 ## - FUENTE DE LA CATALOGACIÓN
Centro catalogador/agencia de origen ES-BaBC
Lengua de catalogación English
Normas de descripción rda
Centro/agencia transcriptor ES-BaBC
041 ## - CÓDIGO DE LENGUA
Código de lengua del texto/banda sonora o título independiente Spanish
100 ## - ENTRADA PRINCIPAL--NOMBRE DE PERSONA
Nombre de persona Castillo, Javier,
Término indicativo de función/relación author
9 (RLIN) 25842
245 13 - MENCIÓN DE TÍTULO
Título La Chica de nieve
Mención de responsabilidad, etc. / Javier Castillo
264 #1 - PRODUCCIÓN, PUBLICACIÓN, DISTRIBUCIÓN, FABRICACIÓN Y COPYRIGHT
Producción, publicación, distribución, fabricación y copyright [Barcelona] :
Nombre del de productor, editor, distribuidor, fabricante Debolsillo,
Fecha de producción, publicación, distribución, fabricación o copyright 2022
300 ## - DESCRIPCIÓN FÍSICA
Extensión 508 pages;
Dimensiones 19 cm
490 1# - MENCIÓN DE SERIE
Mención de serie Bestseller
490 0# - MENCIÓN DE SERIE
Mención de serie Biblioteca Javier Castillo
520 ## - SUMARIO, ETC.
Sumario, etc. La novela más leída del confinamiento. El thriller perfecto que cambia las reglas del género. El desfile más famoso del planeta. Una niña de tres años desaparecida. ¿Dónde está Kiera Templeton? Nueva York, 1998, cabalgata de Acción de Gracias. Kiera Templeton, desaparece entre la multitud. Tras una búsqueda frenética por toda la ciudad, alguien encuentra unos mechones de pelo junto a la ropa que llevaba puesta la pequeña.<br/>En 2003, el día que Kiera habría cumplido ocho años, sus padres, Aaron y Grace Templeton, reciben en casa un extraño paquete: una cinta VHS con la grabación de un minuto de Kiera jugando en una habitación desconocida.<br/>Javier Castillo, autor de El día que se perdió la cordura, El día que se perdió el amor, Todo lo que sucedió con Miranda Huff y El juego del alma, vuelve a poner en jaque la cordura con La chica de nieve, un oscuro viaje a las profundidades de Miren Triggs, una estudiante de periodismo que inicia una investigación paralela y descubre que tanto su vida como la de Kiera están llenas de incógnitas.
520 ## - SUMARIO, ETC.
Sumario, etc. The most widely read novel of the lockdown. A thriller that rewrites the rules of the genre. The most famous parade in the world. A three-year-old girl vanishes. Where is Kiera Templeton?<br/><br/>New York, 1998, Thanksgiving Day Parade. Kiera Templeton disappears into the crowd. After a frantic city-wide search, all that is found are strands of hair next to the clothes she was wearing.<br/><br/>In 2003, on what would have been Kiera’s eighth birthday, her parents, Aaron and Grace Templeton, receive a strange package at their home: a VHS tape showing one minute of Kiera playing in an unfamiliar room.<br/><br/>Javier Castillo, bestselling author of The Day Sanity Was Lost, The Day Love Was Lost, Everything That Happened with Miranda Huff and The Soul Game, once again challenges the boundaries of reason with The Snow Girl: a dark journey into the depths of Miren Triggs, a journalism student who embarks on a parallel investigation, only to discover that both her life and Kiera’s are riddled with mysteries.
650 #0 - PUNTO DE ACCESO ADICIONAL DE MATERIA--TÉRMINO DE MATERIA
Término de materia o nombre geográfico como elemento de entrada Kidnapping
Subdivisión de forma Fiction
650 #0 - PUNTO DE ACCESO ADICIONAL DE MATERIA--TÉRMINO DE MATERIA
Término de materia o nombre geográfico como elemento de entrada Missing children
Subdivisión de forma Fiction
9 (RLIN) 23688
655 #0 - TÉRMINO DE INDIZACIÓN--GÉNERO/FORMA
Datos o término principal de género/forma Psychological fiction
9 (RLIN) 22456
942 ## - ELEMENTOS DE ENTRADA AGREGADA (KOHA)
Fuente del sistema de clasificación o colocación Clasificación de Library of Congress
Holdings
Estado de retiro Estado de pérdida Fuente del sistema de clasificación o colocación Estado dañado No para préstamo Biblioteca de origen Biblioteca actual Fecha de adquisición Total de préstamos Signatura topográfica completa Código de barras Fecha de vencimiento Fecha visto por última vez Fecha del último préstamo Número de copia Precio válido a partir de Tipo de ítem Koha
    Clasificación de Library of Congress     TBS Barcelona TBS Barcelona 28/08/2025 1 P-SP CAS B06034 05/02/2026 22/12/2025 22/12/2025 1 28/08/2025 Book

Powered by Koha